Переработка отработанного теплоносителя реакторов типа БН в форму, пригодную для длительного захоронения; Материалы 6-й научно-технической конференции Сибирского химического комбината, Северск, 17-20 октября 2000 г.; Ч. 3

التفاصيل البيبلوغرافية
Parent link:Материалы 6-й научно-технической конференции Сибирского химического комбината, Северск, 17-20 октября 2000 г.: в 3 ч./ Сибирский химический комбинат.— , 2001
Ч. 3.— 2001.— С. 209-213
المؤلف الرئيسي: Назаренко С. Ю.
مؤلفون آخرون: Осипов В. Н.
اللغة:الروسية
منشور في: 2001
الموضوعات:
التنسيق: فصل الكتاب
KOHA link:https://koha.lib.tpu.ru/cgi-bin/koha/opac-detail.pl?biblionumber=78500

MARC

LEADER 00000naa2a2200000 4500
001 78500
005 20231031093853.0
035 |a (RuTPU)RU\TPU\book\84125 
090 |a 78500 
100 |a 20050623d2001 k y0rusy50 ca 
101 0 |a rus 
102 |a RU 
200 1 |a Переработка отработанного теплоносителя реакторов типа БН в форму, пригодную для длительного захоронения  |f С. Ю. Назаренко, В. Н. Осипов 
461 1 |0 (RuTPU)RU\TPU\book\208466  |t Материалы 6-й научно-технической конференции Сибирского химического комбината, Северск, 17-20 октября 2000 г.  |o в 3 ч.  |f Сибирский химический комбинат  |d 2001 
463 0 |0 (RuTPU)RU\TPU\book\27073  |t Ч. 3  |v С. 209-213  |d 2001  |p 215 с. 
610 1 |a отработанные теплоносители 
610 1 |a реакторы 
610 1 |a захоронения 
610 1 |a натрий 
610 1 |a переработка 
610 1 |a труды учёных ТПУ 
700 1 |a Назаренко  |b С. Ю. 
701 1 |a Осипов  |b В. Н. 
801 1 |a RU  |b 63413507  |c 20050623  |g PSBO 
801 2 |a RU  |b 63413507  |c 20221128  |g PSBO 
942 |c BK